|
|
|
|
| LEADER |
00000nam0a2200000 4500 |
| 001 |
245576 |
| 005 |
20231101232133.0 |
| 010 |
|
|
|a 9785977508742
|
| 035 |
|
|
|a (RuTPU)RU\TPU\book\266988
|
| 090 |
|
|
|a 245576
|
| 100 |
|
|
|a 20131113d2013 km y0rusy50 ca
|
| 101 |
0 |
|
|a rus
|
| 102 |
|
|
|a RU
|
| 105 |
|
|
|a a z 001zy
|
| 200 |
1 |
|
|a Практическое руководство системного администратора
|f А. М. Кенин
|
| 205 |
|
|
|a 2-е изд., перераб. и доп.
|
| 210 |
|
|
|a Санкт-Петербург
|c БХВ-Петербург
|d 2013
|
| 215 |
|
|
|a 523 с.
|c ил.
|
| 225 |
1 |
|
|a Системный администратор
|
| 320 |
|
|
|a Предм. указ.: с. 519-523.
|
| 330 |
|
|
|a Практическое руководство к действию для системных администраторов, создающих и эксплуатирующих информационные системы офиса. Параллельно рассмотрены решения на основе технологий Windows и Linux. Приведены рекомендации по установке, настройке и оптимизации основных служб информационной системы, организации работы системного администратора, развертыванию операционных систем Windows и Linux (Ubuntu), программ корпоративной работы, мониторинга состояния серверов. Особое внимание уделено вопросам обеспечения безопасности и надежности. Даны конкретные советы по настройке основных сетевых служб, обеспечению распределенной работы в Интернете. Описана технология разрешения проблем в работе операционной системы и прикладных программ и их совместная тонкая настройка. Второе издание доработано с учетом выхода новых версий ПО и появления новых технологий.
|
| 606 |
1 |
|
|a Системное администрирование
|2 stltpush
|3 (RuTPU)RU\TPU\subj\64855
|9 81572
|
| 610 |
1 |
|
|a компьютеры
|
| 610 |
1 |
|
|a подготовка
|
| 610 |
1 |
|
|a эксплуатация
|
| 610 |
1 |
|
|a сетевая инфраструктура
|
| 610 |
1 |
|
|a Интернет
|
| 610 |
1 |
|
|a доступ
|
| 610 |
1 |
|
|a электронная почта
|
| 610 |
1 |
|
|a мобильные пользователи
|
| 610 |
1 |
|
|a информационные системы
|
| 610 |
1 |
|
|a мониторинг
|
| 610 |
1 |
|
|a информация
|
| 610 |
1 |
|
|a защита
|
| 610 |
1 |
|
|a отказоустойчивость
|
| 610 |
1 |
|
|a настройка
|
| 610 |
1 |
|
|a неисправность
|
| 610 |
1 |
|
|a практические руководства
|
| 675 |
|
|
|a 004
|v 3
|
| 700 |
|
1 |
|a Кенин
|b А. М.
|g Александр Михайлович
|
| 801 |
|
1 |
|a RU
|b 63413507
|c 20131113
|
| 801 |
|
2 |
|a RU
|b 63413507
|c 20140207
|g RCR
|
| 942 |
|
|
|c BK
|
| 959 |
|
|
|a 144/20131113
|d 1
|e 349,00
|f ЧЗТЛ:1
|